[Event "4th GRENKE Open 2019"]
[Site "Karlsruhe"]
[Date "2019.04.18"]
[Round "1.52"]
[White "Levrand, Roland"]
[Black "Zanan, Evgeny"]
[Result "0-1"]
[WhiteElo "2121"]
[BlackElo "2510"]
[Annotator "ChessBase"]
[PlyCount "88"]
[EventDate "2019.04.18"]
[EventType "swiss"]
[EventCountry "GER"]
[SourceTitle "playchess.com"]
[Source "ChessBase"]
[SourceQuality "1"]

1. e4 c5 2. Nf3 d6 3. d4 cxd4 4. Nxd4 Nf6 5. Nc3 a6 6. Bg5 e6 7. f4 h6 8. Bh4 Qb6 9. a3 Nbd7 10. Bf2 Qc7 11. Bd3 b5 12. Qe2 Bb7 13. O-O-O Be7 14. Rhe1 Nc5 15. Kb1 Rd8 16. g4 d5 17. e5 Nfe4 18. Bxe4 Nxe4 19. Nxe4 dxe4 20. Nb3 Rxd1+ 21. Rxd1 O-O 22. Nd2 Rd8 23. Re1 b4 24. a4 Qd7 25. Nxe4 Qxa4 26. b3 Qa5 27. h4 Qd5 28. h5 a5 29. Qe3 a4 30. bxa4 Ra8 31. Nc5 Bc6 32. Qe4 Qxe4 33. Nxe4 Rxa4 34. Nd6 Bf3 35. Nc8 Bd8 36. g5 hxg5 37. fxg5 Bxg5 38. Rg1 Bd2 39. Nb6 Ra6 40. Kb2 Bc3+ 41. Kb3 Bd5+ 42. Nxd5 exd5 43. Rxg7+ Kxg7 44. h6+ Kh7 0-1

[Event "4th GRENKE Open 2019"]
[Site "Karlsruhe"]
[Date "2019.04.19"]
[Round "1.53"]
[White "Lobron, Eric"]
[Black "Kandic, Milan"]
[Result "1-0"]
[WhiteElo "2508"]
[BlackElo "2119"]
[Annotator "TA"]
[PlyCount "71"]
[EventDate "2019.04.18"]
[EventType "swiss"]
[EventCountry "GER"]
[SourceTitle "playchess.com"]
[Source "ChessBase"]
[SourceQuality "1"]

1. Nf3 Nf6 2. c4 d6 3. d4 g6 4. Nc3 Bg7 5. e4 O-O 6. Be2 Nc6 7. d5 Ne5 8. Nxe5 dxe5 9. Be3 b6 10. O-O e6 11. Rc1 exd5 12. cxd5 a6 13. a4 Bb7 14. Qb3 Rb8 15. Rfd1 Qd6 16. f3 Rfc8 17. Nb1 Bf8 18. Nd2 Qb4 19. Qxb4 Bxb4 20. Nc4 Nd7 21. f4 Nc5 22. Nxe5 Nxa4 23. Nd3 Bd6 24. b3 Nc5 25. Nxc5 bxc5 26. e5 Bf8 27. Bxc5 Rd8 28. Bxf8 Kxf8 29. Rc5 Rd7 30. Bg4 Rdd8 31. Bf3 Bc8 32. Rd3 Bf5 33. Re3 Rd7 34. g4 Bb1 35. Kf2 Rb4 36. Rc1 1-0

[Event "4th GRENKE Open 2019"]
[Site "Karlsruhe"]
[Date "2019.04.18"]
[Round "1.54"]
[White "Li, Zhuoling"]
[Black "Malakhatko, Vadim"]
[Result "0-1"]
[WhiteElo "2119"]
[BlackElo "2508"]
[Annotator "ChessBase"]
[PlyCount "64"]
[EventDate "2019.04.18"]
[EventType "swiss"]
[EventCountry "GER"]
[SourceTitle "playchess.com"]
[Source "ChessBase"]
[SourceQuality "1"]

1. e4 c5 2. Nf3 e6 3. d4 cxd4 4. Nxd4 Nc6 5. Nc3 Qc7 6. Be2 a6 7. O-O Nf6 8. Be3 Bb4 9. Na4 O-O 10. c4 Bd6 11. g3 Nxe4 12. c5 Be7 13. Rc1 f5 14. Bf3 Ng5 15. Bg2 e5 16. Nb6 Rb8 17. Nd5 Qd8 18. Ne2 Ne6 19. Qb3 Kh8 20. Rfd1 f4 21. gxf4 Bh4 22. f5 Rxf5 23. Qc4 Rf8 24. Ndc3 Ncd4 25. Ng3 b5 26. cxb6 Rxb6 27. b3 Bb7 28. Bxb7 Rxb7 29. Qxa6 Rb6 30. Qd3 d5 31. Nce2 Nf3+ 32. Kg2 d4 0-1

[Event "4th GRENKE Open 2019"]
[Site "Karlsruhe"]
[Date "2019.04.18"]
[Round "1.55"]
[White "Schneider, Ilja"]
[Black "Dauner, Benedikt"]
[Result "1/2-1/2"]
[WhiteElo "2504"]
[BlackElo "2119"]
[Annotator "ChessBase"]
[PlyCount "119"]
[EventDate "2019.04.18"]
[EventType "swiss"]
[EventCountry "GER"]
[SourceTitle "playchess.com"]
[Source "ChessBase"]
[SourceQuality "1"]

1. d4 d5 2. Nf3 e6 3. c4 c6 4. Qc2 Nf6 5. Bg5 Be7 6. e3 O-O 7. Nc3 b6 8. Bd3 h6 9. Bh4 Bb7 10. O-O Na6 11. a3 c5 12. Rfd1 cxd4 13. Nxd4 Nc5 14. cxd5 Nxd5 15. Bxe7 Qxe7 16. Nxd5 Bxd5 17. Bc4 Be4 18. Qe2 Bb7 19. Rac1 Rfd8 20. b4 Ne4 21. f3 Nd6 22. Ba6 Bxa6 23. Qxa6 Nf5 24. Nc2 Rxd1+ 25. Rxd1 Rd8 26. Qe2 Rxd1+ 27. Qxd1 Qd6 28. Qxd6 Nxd6 29. Kf2 e5 30. e4 f6 31. Ke2 Kf7 32. Kd3 Ke6 33. a4 Ne8 34. h4 g6 35. b5 Nd6 36. Nb4 Nb7 37. Kc4 Nc5 38. a5 Nb7 39. axb6 axb6 40. Nd5 Nd6+ 41. Kb4 Nc8 42. g4 f5 43. h5 fxg4 44. fxg4 gxh5 45. gxh5 Kf7 46. Nxb6 Nxb6 47. Kc5 Na4+ 48. Kb4 Nb6 49. Kc5 Na4+ 50. Kc6 Kf6 51. b6 Nxb6 52. Kxb6 Kg5 53. Kc5 Kxh5 54. Kd5 Kg5 55. Kxe5 h5 56. Kd6 h4 57. e5 h3 58. e6 h2 59. e7 h1=Q 60. e8=Q 1/2-1/2

[Event "4th GRENKE Open 2019"]
[Site "Karlsruhe"]
[Date "2019.04.18"]
[Round "1.56"]
[White "Neubauer, Juergen"]
[Black "Baldauf, Marco"]
[Result "0-1"]
[WhiteElo "2119"]
[BlackElo "2493"]
[Annotator "TA"]
[PlyCount "76"]
[EventDate "2019.04.18"]
[EventType "swiss"]
[EventCountry "GER"]
[SourceTitle "playchess.com"]
[Source "ChessBase"]
[SourceQuality "1"]

1. e4 c6 2. c4 d5 3. exd5 cxd5 4. d4 Nf6 5. Nc3 Nc6 6. Nf3 Be6 7. c5 g6 8. Be2 Bg7 9. O-O O-O 10. a3 Ne4 11. Be3 Nxc3 12. bxc3 b6 13. cxb6 axb6 14. Qb3 Bf5 15. Nh4 Na5 16. Qb2 Bc8 17. Nf3 Ba6 18. Rfe1 Bxe2 19. Rxe2 Qc7 20. Qb4 Rfc8 21. Rc2 e6 22. a4 Bf8 23. Qb1 Nc4 24. Qb3 b5 25. g3 Qc6 26. Rca2 bxa4 27. Rxa4 Rab8 28. Qc2 Nxe3 29. fxe3 Qxc3 30. Qxc3 Rxc3 31. Ne5 Bh6 32. Ra7 Bxe3+ 33. Kh1 Bxd4 34. Nxf7 Bxa7 35. Rxa7 Rc2 36. Nh6+ Kf8 37. Rf7+ Ke8 38. Rf1 Rbb2 0-1

[Event "4th GRENKE Open 2019"]
[Site "Karlsruhe"]
[Date "2019.04.18"]
[Round "1.57"]
[White "Engel, Luis"]
[Black "Sucher, Johannes"]
[Result "1-0"]
[WhiteElo "2490"]
[BlackElo "2119"]
[Annotator "ChessBase"]
[PlyCount "63"]
[EventDate "2019.04.18"]
[EventType "swiss"]
[EventCountry "GER"]
[SourceTitle "playchess.com"]
[Source "ChessBase"]
[SourceQuality "1"]

1. e4 c6 2. d4 d5 3. e5 c5 4. dxc5 e6 5. Nf3 Bxc5 6. Bd3 Nc6 7. O-O f6 8. exf6 Nxf6 9. c4 O-O 10. Nc3 Nb4 11. a3 Nxd3 12. Qxd3 a5 13. Bg5 b6 14. Rfe1 Ba6 15. Qe2 Qc8 16. Qxe6+ Qxe6 17. Rxe6 dxc4 18. Na4 Rfe8 19. Rae1 Rxe6 20. Rxe6 Bc8 21. Nxc5 bxc5 22. Re5 Nd7 23. Re2 h6 24. Bd2 Kf8 25. h3 Bb7 26. Ne5 Nb6 27. Bc3 Nd5 28. Nd7+ Kf7 29. Nxc5 Nxc3 30. bxc3 Bc6 31. Ne6 Kf6 32. Nc7 1-0

[Event "4th GRENKE Open 2019"]
[Site "Karlsruhe"]
[Date "2019.04.18"]
[Round "1.58"]
[White "Froewis, Annika"]
[Black "Pijpers, Arthur"]
[Result "0-1"]
[WhiteElo "2118"]
[BlackElo "2485"]
[Annotator "ChessBase"]
[PlyCount "74"]
[EventDate "2019.04.18"]
[EventType "swiss"]
[EventCountry "GER"]
[SourceTitle "playchess.com"]
[Source "ChessBase"]
[SourceQuality "1"]

1. e4 c5 2. Nf3 d6 3. d4 cxd4 4. Nxd4 Nf6 5. Nc3 g6 6. Be3 Bg7 7. f3 Nc6 8. Qd2 O-O 9. O-O-O d5 10. Kb1 Qd7 11. Nxc6 bxc6 12. exd5 Rb8 13. b3 Nxd5 14. Nxd5 cxd5 15. Qxd5 Qa4 16. Bd4 Be6 17. Bxg7 Bxd5 18. Bxf8 Qh4 19. Bxe7 Qxe7 20. Rxd5 Qe1+ 21. Kb2 Rc8 22. c4 Re8 23. g3 Qf2+ 24. Ka3 Re1 25. Bg2 Re2 26. Bh3 Rxa2+ 27. Kb4 Qb6+ 28. Kc3 Qe3+ 29. Kb4 a5+ 30. Kb5 Qxb3+ 31. Kc5 Qb4+ 32. Kc6 Qxc4+ 33. Rc5 Qa6+ 34. Kc7 Rb2 35. Rhc1 Rb7+ 36. Kd8 Qd6+ 37. Kc8 Qb8# 0-1

[Event "4th GRENKE Open 2019"]
[Site "Karlsruhe"]
[Date "2019.04.18"]
[Round "1.59"]
[White "Beerdsen, Thomas"]
[Black "Hansch, Torsten"]
[Result "1-0"]
[WhiteElo "2483"]
[BlackElo "2117"]
[Annotator "ChessBase"]
[PlyCount "29"]
[EventDate "2019.04.18"]
[EventType "swiss"]
[EventCountry "GER"]
[SourceTitle "playchess.com"]
[Source "ChessBase"]
[SourceQuality "1"]

1. e4 c5 2. Nf3 d6 3. Nc3 Nf6 4. e5 dxe5 5. Nxe5 a6 6. g3 Qc7 7. d4 cxd4 8. Qxd4 Nc6 9. Nxc6 Qxc6 10. Bg5 Bg4 11. Bxf6 gxf6 12. Qxg4 Qxh1 13. Qa4+ b5 14. Nxb5 O-O-O 15. Na7+ 1-0

[Event "4th GRENKE Open 2019"]
[Site "Karlsruhe"]
[Date "2019.04.19"]
[Round "1.60"]
[White "Ciornei, Dragos"]
[Black "Repka, Christopher"]
[Result "0-1"]
[WhiteElo "2117"]
[BlackElo "2482"]
[Annotator "ChessBase"]
[PlyCount "202"]
[EventDate "2019.04.18"]
[EventType "swiss"]
[EventCountry "GER"]
[SourceTitle "playchess.com"]
[Source "ChessBase"]
[SourceQuality "1"]

1. e4 e5 2. Nf3 Nc6 3. d4 exd4 4. Nxd4 Nf6 5. Nxc6 bxc6 6. e5 Qe7 7. Qe2 Nd5 8. c4 Ba6 9. g3 g6 10. b3 Bg7 11. Bb2 O-O 12. Bg2 Rfe8 13. O-O Bxe5 14. Qxe5 Qxe5 15. Bxe5 Rxe5 16. cxd5 Bxf1 17. Kxf1 cxd5 18. Nc3 c6 19. Rd1 Kf8 20. Bf3 Ke7 21. Rd4 Kd6 22. Ra4 Kc5 23. Rh4 h5 24. Na4+ Kd6 25. Nb2 a5 26. Ra4 Re7 27. Nd3 Kc7 28. h4 Kb6 29. Rf4 Rae8 30. Rf6 Kc7 31. Kg2 Ra8 32. Rf4 Kb6 33. Rf6 Kc7 34. Rf4 Rf8 35. Kf1 Kb6 36. Nb2 Kc7 37. Nd3 Rb8 38. Rf6 Kd8 39. Rf4 Kc7 40. Rf6 Kd8 41. Rf4 Rb5 42. Rf6 Ke8 43. Rf4 Kf8 44. Rd4 Kg7 45. Rf4 Re8 46. Kg2 Re6 47. Ra4 Kf8 48. Rf4 Ke7 49. Rd4 Kd6 50. Kf1 Re8 51. Kg2 Ra8 52. Kf1 a4 53. b4 a3 54. Ke1 Rab8 55. Kd2 Ke7 56. Kc3 d6 57. Bd1 Kf8 58. Ba4 R5b6 59. Kb3 Re8 60. Kxa3 Re2 61. Kb3 Ra6 62. b5 Rb6 63. Kc3 Rxa2 64. bxc6 Rb8 65. Bb3 Ra3 66. Rb4 Rc8 67. Rb6 Ra5 68. Kd4 Rc7 69. Bxd5 Ra4+ 70. Kc3 Ra3+ 71. Rb3 Ra5 72. Kd4 Ra4+ 73. Rb4 Ra6 74. Rb7 Raxc6 75. Bxc6 Rxc6 76. Rd7 Ke8 77. Ra7 Kf8 78. Kd5 Rc3 79. Kd4 Rc6 80. Nf4 Rc2 81. Ke3 Rc3+ 82. Kd2 Rc6 83. Nd5 Rc5 84. Nf6 Rf5 85. Ra8+ Kg7 86. Ne8+ Kh7 87. Ke3 d5 88. Rd8 Re5+ 89. Kf3 Re6 90. Nc7 Rf6+ 91. Kg2 Rb6 92. Nxd5 Rb7 93. Nf4 Kg7 94. Nh3 Ra7 95. Ng5 Re7 96. Rd4 f6 97. Nf3 Rf7 98. Rd6 Re7 99. Nd4 Kf7 100. Nc6 Re8 101. Kh3 Re2 0-1

[Event "4th GRENKE Open 2019"]
[Site "Karlsruhe"]
[Date "2019.04.18"]
[Round "1.61"]
[White "Prithu Gupta"]
[Black "Kienitz, Andre"]
[Result "1-0"]
[WhiteElo "2478"]
[BlackElo "2117"]
[Annotator "ChessBase"]
[PlyCount "57"]
[EventDate "2019.04.18"]
[EventType "swiss"]
[EventCountry "GER"]
[SourceTitle "playchess.com"]
[Source "ChessBase"]
[SourceQuality "1"]

1. Nf3 d5 2. c4 e6 3. g3 Nf6 4. Bg2 Be7 5. O-O O-O 6. b3 c5 7. cxd5 Nxd5 8. Bb2 Bf6 9. Nc3 Nc6 10. Qc2 Nxc3 11. dxc3 Bd7 12. Rad1 Qc7 13. Bc1 h6 14. Bf4 e5 15. Bc1 Be6 16. Nd2 Rad8 17. f4 exf4 18. gxf4 Bg4 19. Ne4 Be7 20. f5 f6 21. Bf4 Qc8 22. Ng3 Rxd1 23. Rxd1 h5 24. h3 h4 25. Bd5+ Kh8 26. hxg4 hxg3 27. Kg2 g5 28. fxg6 Qxg4 29. Rh1+ 1-0

[Event "4th GRENKE Open 2019"]
[Site "Karlsruhe"]
[Date "2019.04.18"]
[Round "1.62"]
[White "Rechberger, Franz"]
[Black "Swayams, Mishra"]
[Result "0-1"]
[WhiteElo "2117"]
[BlackElo "2478"]
[Annotator "TA"]
[PlyCount "58"]
[EventDate "2019.04.18"]
[EventType "swiss"]
[EventCountry "GER"]
[SourceTitle "playchess.com"]
[Source "ChessBase"]
[SourceQuality "1"]

1. e4 e6 2. d4 d5 3. Nc3 Nf6 4. e5 Nfd7 5. f4 c5 6. Nf3 Nc6 7. Be3 Be7 8. Qd2 O-O 9. dxc5 Nxc5 10. O-O-O a6 11. Nd4 Bd7 12. g4 b5 13. Bg2 Na5 14. Kb1 Nc4 15. Qf2 Rc8 16. Bc1 b4 17. Nce2 a5 18. h4 a4 19. Qg3 Qb6 20. f5 b3 21. cxb3 axb3 22. axb3 Na5 23. f6 gxf6 24. g5 fxe5 25. Qxe5 Ncxb3 26. Nf5 exf5 27. g6 Bf6 28. Be3 Qc6 29. gxf7+ Kh8 0-1

[Event "4th GRENKE Open 2019"]
[Site "Karlsruhe"]
[Date "2019.04.18"]
[Round "1.63"]
[White "Milov, Leonid"]
[Black "Weise, Martin"]
[Result "1-0"]
[WhiteElo "2474"]
[BlackElo "2117"]
[Annotator "ChessBase"]
[PlyCount "41"]
[EventDate "2019.04.18"]
[EventType "swiss"]
[EventCountry "GER"]
[SourceTitle "playchess.com"]
[Source "ChessBase"]
[SourceQuality "1"]

1. e4 e6 2. Nf3 d5 3. Nc3 Nf6 4. e5 Nfd7 5. d4 c5 6. Ne2 Nc6 7. c3 b5 8. Nf4 Rb8 9. Bd3 b4 10. O-O bxc3 11. bxc3 cxd4 12. cxd4 Nb4 13. Be2 Nb6 14. a3 Nc6 15. h4 Bd7 16. Bd3 Na5 17. Ng5 Ba4 18. Qh5 g6 19. Qg4 Be7 20. Nxf7 Kxf7 21. Bxg6+ 1-0

[Event "4th GRENKE Open 2019"]
[Site "Karlsruhe"]
[Date "2019.04.18"]
[Round "1.69"]
[White "Vrolijk, Liam"]
[Black "Molina Carretero, Daniel"]
[Result "1/2-1/2"]
[WhiteElo "2465"]
[BlackElo "2114"]
[Annotator "ChessBase"]
[PlyCount "120"]
[EventDate "2019.04.18"]
[EventType "swiss"]
[EventCountry "GER"]
[SourceTitle "playchess.com"]
[Source "ChessBase"]
[SourceQuality "1"]

1. d4 Nf6 2. c4 e6 3. g3 d5 4. Bg2 Be7 5. Nf3 O-O 6. O-O dxc4 7. Qc2 a6 8. a4 Bd7 9. Qxc4 Bc6 10. Bf4 a5 11. Nc3 Na6 12. Rac1 Bb4 13. Rfd1 Qe7 14. Bg5 Rfd8 15. Ne5 Bxg2 16. Kxg2 h6 17. Bxf6 Qxf6 18. Qb5 Ra7 19. e4 Qe7 20. Nc4 Nb8 21. Qe5 Nc6 22. Qf4 Rxd4 23. Nb5 Rxd1 24. Rxd1 Ra8 25. Qxc7 Qxc7 26. Nxc7 Rd8 27. Rxd8+ Nxd8 28. e5 Kf8 29. Kf3 Ke7 30. Ke4 f5+ 31. exf6+ gxf6 32. g4 Nf7 33. f4 Kd7 34. Nb5 Ke7 35. Nd4 Nd6+ 36. Nxd6 Bxd6 37. h3 Bc5 38. Nb5 Bf2 39. f5 Bb6 40. Nc3 Bc7 41. Nb5 Be5 42. b3 Kd7 43. h4 Bb2 44. fxe6+ Kxe6 45. Nd4+ Bxd4 46. Kxd4 f5 47. gxf5+ Kxf5 48. Kc4 Kg4 49. b4 axb4 50. Kxb4 Kxh4 51. Kb5 Kg5 52. Kb6 h5 53. a5 h4 54. Kxb7 h3 55. a6 h2 56. a7 h1=Q+ 57. Kb8 Qb1+ 58. Ka8 Qe4+ 59. Kb8 Qe8+ 60. Kb7 Qb5+ 1/2-1/2

[Event "4th GRENKE Open 2019"]
[Site "Karlsruhe"]
[Date "2019.04.18"]
[Round "1.70"]
[White "Engel, Robert"]
[Black "Lodici, Lorenzo"]
[Result "*"]
[WhiteElo "2113"]
[BlackElo "2463"]
[Annotator "ChessBase"]
[PlyCount "28"]
[EventDate "2019.04.18"]
[EventType "swiss"]
[EventCountry "GER"]
[SourceTitle "playchess.com"]
[Source "ChessBase"]
[SourceQuality "1"]

1. e4 e6 2. Nf3 d5 3. e5 c5 4. b4 cxb4 5. a3 bxa3 6. d4 Nc6 7. c3 a6 8. Bd3 Bd7 9. Ng5 Be7 10. h4 h6 11. Nxe6 fxe6 12. Qh5+ Kf8 13. Rh3 Be8 14. Qf3+ Bf7 *

[Event "4th GRENKE Open 2019"]
[Site "Karlsruhe"]
[Date "2019.04.18"]
[Round "1.70"]
[White "Engel, Robert"]
[Black "Lodici, Lorenzo"]
[Result "0-1"]
[WhiteElo "2113"]
[BlackElo "2463"]
[Annotator "ChessBase"]
[PlyCount "108"]
[EventDate "2019.04.18"]
[EventType "swiss"]
[EventCountry "GER"]
[SourceTitle "playchess.com"]
[Source "ChessBase"]
[SourceQuality "1"]

1. e4 e5 2. Nf3 Nc6 3. Bc4 Nf6 4. d3 Bc5 5. c3 a6 6. O-O Ba7 7. h3 d6 8. Be3 Bxe3 9. fxe3 Ne7 10. d4 O-O 11. dxe5 Nxe4 12. Qc2 Ng3 13. Rd1 Bf5 14. Bd3 d5 15. Nbd2 Qc8 16. e4 Bg6 17. Re1 Qe6 18. exd5 Nxd5 19. Bxg6 Qxg6 20. Qxg6 hxg6 21. Ne4 Nxe4 22. Rxe4 Rfe8 23. Rd1 Nb6 24. Red4 a5 25. R1d3 a4 26. Kf2 Ra5 27. b4 axb3 28. axb3 Ra2+ 29. Kg3 f6 30. Rd8 Kf7 31. Rxe8 Kxe8 32. c4 Nd7 33. Re3 f5 34. Nd4 Nc5 35. Kf3 Rd2 36. Ne2 Ne4 37. g4 Ke7 38. h4 Rd1 39. h5 Ng5+ 40. Kg3 Rh1 41. Nf4 Rg1+ 42. Kf2 Rxg4 43. Nxg6+ Ke6 44. Rd3 Ne4+ 45. Ke1 Ng3 46. Nf4+ Kxe5 47. Nd5 c6 48. Nb6 Nxh5 49. Rd7 Rg2 50. Rxb7 f4 51. Re7+ Kd4 52. Nd7 Ng3 53. Rxg7 f3 54. Rg4+ Ke3 0-1

[Event "4th GRENKE Open 2019"]
[Site "Karlsruhe"]
[Date "2019.04.18"]
[Round "1.75"]
[White "Garriga Cazorla, Pere"]
[Black "Diyap, Murat"]
[Result "1-0"]
[WhiteElo "2445"]
[BlackElo "2111"]
[Annotator "NA"]
[PlyCount "107"]
[EventDate "2019.04.18"]
[EventType "swiss"]
[EventCountry "GER"]
[SourceTitle "playchess.com"]
[Source "ChessBase"]
[SourceQuality "1"]

1. d4 Nf6 2. c4 g6 3. Nc3 Bg7 4. e4 d6 5. Nf3 O-O 6. h3 e5 7. d5 Nbd7 8. Bg5 h6 9. Be3 Qe7 10. g4 Ne8 11. Rg1 c5 12. a3 Nc7 13. b4 b6 14. Rb1 a5 15. bxc5 bxc5 16. Bd3 Ra6 17. Ke2 Nb6 18. h4 Bd7 19. Qd2 Kh7 20. h5 g5 21. Nh2 Rb8 22. Rb2 Qd8 23. Rgb1 Qc8 24. f3 Bf6 25. Nf1 Ne8 26. Ng3 Bd8 27. Qc2 Rba8 28. Nb5 Bxb5 29. Rxb5 a4 30. Bd2 Qd7 31. Bc3 Ng7 32. Nf1 f6 33. Ne3 Kg8 34. Qd2 Qa7 35. Kf1 Kf8 36. Nc2 Ne8 37. Qf2 Kg8 38. Bd2 Qd7 39. Be3 Bc7 40. Kg1 Bd8 41. Bf1 Rc8 42. Ne1 Qa7 43. Kh1 Nc7 44. R5b2 Ne8 45. Nd3 Ra5 46. Nb4 cxb4 47. axb4 Ra6 48. c5 a3 49. Ra2 dxc5 50. bxc5 Na4 51. Bxa6 Qxa6 52. Rxa3 Qc4 53. Rc1 Qb4 54. Qa2 1-0

[Event "4th GRENKE Open 2019"]
[Site "Karlsruhe"]
[Date "2019.04.18"]
[Round "1.76"]
[White "Prestel, Oliver"]
[Black "Fedorovsky, Michael"]
[Result "0-1"]
[WhiteElo "2111"]
[BlackElo "2442"]
[Annotator "TA"]
[PlyCount "48"]
[EventDate "2019.04.18"]
[EventType "swiss"]
[EventCountry "GER"]
[SourceTitle "playchess.com"]
[Source "ChessBase"]
[SourceQuality "1"]

1. d4 Nf6 2. Bf4 d5 3. e3 c5 4. dxc5 Nc6 5. Bb5 g6 6. Nc3 Bg7 7. Nge2 O-O 8. Rb1 e5 9. Bxc6 exf4 10. Bxd5 fxe3 11. fxe3 Qe7 12. b4 Ng4 13. e4 Ne3 14. Qd3 Nxg2+ 15. Kf2 Nh4 16. Rhf1 Be5 17. Kg1 Qg5+ 18. Ng3 Kg7 19. Rbe1 Bh3 20. Rf2 Rad8 21. Kh1 Kg8 22. Rg1 Bxc3 23. Qxc3 Rxd5 24. Nf5 Qxg1+ 0-1

[Event "4th GRENKE Open 2019"]
[Site "Karlsruhe"]
[Date "2019.04.18"]
[Round "1.77"]
[White "Korley, Kassa"]
[Black "Tran, Thanh Kien"]
[Result "1/2-1/2"]
[WhiteElo "2440"]
[BlackElo "2111"]
[Annotator "NA"]
[PlyCount "52"]
[EventDate "2019.04.18"]
[EventType "swiss"]
[EventCountry "GER"]
[SourceTitle "playchess.com"]
[Source "ChessBase"]
[SourceQuality "1"]

1. d4 Nf6 2. Nf3 g6 3. c4 Bg7 4. Nc3 d5 5. Bg5 Ne4 6. Bf4 Nxc3 7. bxc3 dxc4 8. e3 c5 9. Bxc4 cxd4 10. cxd4 Qa5+ 11. Qd2 Nc6 12. Rc1 O-O 13. Qxa5 Nxa5 14. Bd5 Bd7 15. Rc7 Rac8 16. Kd2 Rxc7 17. Bxc7 e6 18. Be4 Nc4+ 19. Ke2 Rc8 20. Bg3 Bb5 21. Bd3 Na3 22. Bxb5 Nxb5 23. Kd2 Nc3 24. Rc1 Ne4+ 25. Kd1 Rxc1+ 26. Kxc1 Nxg3 1/2-1/2

[Event "4th GRENKE Open 2019"]
[Site "Karlsruhe"]
[Date "2019.04.18"]
[Round "1.78"]
[White "Brilej, Jaka"]
[Black "Froewis, Georg"]
[Result "0-1"]
[WhiteElo "2110"]
[BlackElo "2438"]
[Annotator "NA"]
[PlyCount "94"]
[EventDate "2019.04.18"]
[EventType "swiss"]
[EventCountry "GER"]
[SourceTitle "playchess.com"]
[Source "ChessBase"]
[SourceQuality "1"]

1. e4 e6 2. d4 d5 3. exd5 exd5 4. Bf4 Nf6 5. Nf3 Bg4 6. Be2 Bd6 7. Ne5 Bxe2 8. Qxe2 O-O 9. O-O Re8 10. Nc3 Nbd7 11. Rfe1 c6 12. Qf3 Nf8 13. Bg5 Be7 14. Rad1 Ne6 15. Bc1 Bd6 16. Ng4 Nd7 17. Ne3 Qh4 18. g3 Nxd4 19. Qg2 Qf6 20. f4 Nf5 21. Nxf5 Qxf5 22. g4 Qf6 23. Rf1 Nc5 24. f5 Qh4 25. Bf4 Bxf4 26. Rxf4 Re1+ 27. Rxe1 Qxe1+ 28. Rf1 Qe3+ 29. Qf2 Re8 30. Qxe3 Rxe3 31. Kf2 Re7 32. Kf3 Kf8 33. h4 Ne4 34. Nxe4 Rxe4 35. b3 Ke7 36. c4 Kd6 37. cxd5 cxd5 38. Rc1 h5 39. gxh5 Rxh4 40. Rg1 Rxh5 41. Kf4 Rh4+ 42. Kf3 Rh7 43. Kf4 a5 44. a3 Rh4+ 45. Kg5 Rh3 46. b4 Rxa3 47. bxa5 Rxa5 0-1

[Event "4th GRENKE Open 2019"]
[Site "Karlsruhe"]
[Date "2019.04.18"]
[Round "1.79"]
[White "Krause, Benedict"]
[Black "Robert, Pierre"]
[Result "1-0"]
[WhiteElo "2435"]
[BlackElo "2110"]
[Annotator "NA"]
[PlyCount "53"]
[EventDate "2019.04.18"]
[EventType "swiss"]
[EventCountry "GER"]
[SourceTitle "playchess.com"]
[Source "ChessBase"]
[SourceQuality "1"]

1. e4 e5 2. Nf3 Nc6 3. Bc4 Nf6 4. d3 Bc5 5. O-O O-O 6. Nbd2 a6 7. h3 d6 8. c3 Ba7 9. Bb3 Ne7 10. Re1 Ng6 11. Nf1 Be6 12. Ng3 Qd7 13. d4 Bxb3 14. Qxb3 c5 15. Bg5 Ne8 16. dxe5 Nxe5 17. Nxe5 dxe5 18. Nf5 Nc7 19. Rad1 Qb5 20. Qxb5 axb5 21. Rd7 Ne6 22. Be7 Rfc8 23. Rxb7 b4 24. Bd6 Rd8 25. Bxe5 Rd2 26. Ne7+ Kf8 27. Nc6 1-0

[Event "4th GRENKE Open 2019"]
[Site "Karlsruhe"]
[Date "2019.04.18"]
[Round "1.81"]
[White "Carlstedt, Jonathan"]
[Black "Gschwendtner, Klaus"]
[Result "1-0"]
[WhiteElo "2433"]
[BlackElo "2109"]
[Annotator "NA"]
[PlyCount "95"]
[EventDate "2019.04.18"]
[EventType "swiss"]
[EventCountry "GER"]
[SourceTitle "playchess.com"]
[Source "ChessBase"]
[SourceQuality "1"]

1. d4 Nf6 2. Bf4 e6 3. e3 c5 4. c3 Nc6 5. Nd2 d5 6. Ngf3 cxd4 7. exd4 Nh5 8. Be5 Nxe5 9. dxe5 g6 10. g3 Bd7 11. Nb3 Be7 12. Qd2 O-O 13. Be2 Ng7 14. Nbd4 f6 15. O-O Qc7 16. Qe3 a6 17. Bd3 Rae8 18. Rfe1 Bc8 19. Re2 fxe5 20. Nxe5 Bd6 21. Rae1 Bxe5 22. Qxe5 Qxe5 23. Rxe5 Kf7 24. Nf3 Kg8 25. Kg2 Bd7 26. Nd4 Rf6 27. f4 Nf5 28. Nb3 b6 29. a3 a5 30. Nd4 Nxd4 31. cxd4 Rc8 32. h4 h5 33. Kf2 Kf7 34. Ke3 Ke7 35. Rg5 Be8 36. Rg1 Bf7 37. Kd2 Kd7 38. Ra1 Kd6 39. Re5 Rc7 40. b4 Ra7 41. Ree1 Be8 42. Reb1 Kc7 43. Rc1+ Kb7 44. Rc2 Ba4 45. Rc3 axb4 46. axb4 Be8 47. Rxa7+ Kxa7 48. Rc8 1-0

[Event "4th GRENKE Open 2019"]
[Site "Karlsruhe"]
[Date "2019.04.18"]
[Round "1.89"]
[White "Barp, Alberto"]
[Black "Yi, Danny"]
[Result "0-1"]
[WhiteElo "2424"]
[BlackElo "2105"]
[Annotator "NA"]
[PlyCount "60"]
[EventDate "2019.04.18"]
[EventType "swiss"]
[EventCountry "GER"]
[SourceTitle "playchess.com"]
[Source "ChessBase"]
[SourceQuality "1"]

1. d4 Nf6 2. c4 g6 3. g3 Bg7 4. Bg2 d5 5. cxd5 Nxd5 6. Nf3 O-O 7. O-O Nc6 8. Nc3 Nb6 9. e3 e5 10. d5 Na5 11. e4 c6 12. Re1 Re8 13. a4 cxd5 14. exd5 e4 15. Nxe4 Bf5 16. Nh4 Bxe4 17. Rxe4 Rxe4 18. Bxe4 Nac4 19. Ra2 Qe7 20. Bf3 Re8 21. Ng2 Qb4 22. b3 Na5 23. Ra3 Bd4 24. Ne3 Rc8 25. Qd2 Bc3 26. Qa2 Be1 27. Bb2 Qd2 28. Ng4 Bxf2+ 29. Nxf2 Rc2 30. Nd3 Qe3+ 0-1

[Event "4th GRENKE Open 2019"]
[Site "Karlsruhe"]
[Date "2019.04.19"]
[Round "1.92"]
[White "Monteverde, Jonathan"]
[Black "Schwabeneder, Florian"]
[Result "1-0"]
[WhiteElo "2103"]
[BlackElo "2422"]
[Annotator "TA"]
[PlyCount "146"]
[EventDate "2019.04.18"]
[EventType "swiss"]
[EventCountry "GER"]
[SourceTitle "playchess.com"]
[Source "ChessBase"]
[SourceQuality "1"]

1. d4 Nf6 2. c4 e6 3. Nc3 Bb4 4. Qc2 d6 5. Bg5 Nbd7 6. e3 O-O 7. Nf3 h6 8. Bh4 b6 9. Bd3 Bb7 10. Nd2 c5 11. O-O Qe7 12. Nde4 Bxc3 13. Nxc3 g5 14. Bg3 Nh5 15. Qe2 Nxg3 16. hxg3 Nf6 17. Rad1 Kg7 18. Bb1 Rad8 19. e4 e5 20. d5 Bc8 21. Rde1 h5 22. Qd3 Rh8 23. f4 gxf4 24. gxf4 Ng4 25. f5 f6 26. Bc2 Rdg8 27. Bd1 Kf8 28. Bxg4 Rxg4 29. Rf2 Rhg8 30. Re3 Qg7 31. Qe2 Bd7 32. Rh3 h4 33. Qd2 Qh7 34. Qe3 Be8 35. Kf1 Qg7 36. Ke1 Rxg2 37. Rxh4 Rxf2 38. Qxf2 Qg5 39. Ne2 Bh5 40. Rh1 Bxe2 41. Kxe2 Ke8 42. Qf3 Kd8 43. Kd3 Kc8 44. a3 Qg7 45. Ke2 Qd7 46. b3 b5 47. Rh6 bxc4 48. Rxf6 Qb5 49. Rg6 Rh8 50. f6 cxb3+ 51. Kf2 b2 52. f7 Rf8 53. Rg8 b1=Q 54. Rxf8+ Kc7 55. Rc8+ Kxc8 56. f8=Q+ Kb7 57. Q3f7+ Ka6 58. Qxd6+ Qb6 59. Qxb6+ axb6 60. Qf5 Qc2+ 61. Kg3 Qd3+ 62. Kh4 c4 63. Qc8+ Kb5 64. Qc6+ Ka5 65. d6 c3 66. d7 c2 67. Qa8+ Kb5 68. d8=Q Qxd8+ 69. Qxd8 c1=Q 70. Qd5+ Qc5 71. Qb3+ Kc6 72. Kg5 Qd4 73. Kf5 Kd6 1-0